[Event "BCF-ch U16"]
[Site "Aberystwyth"]
[Date "2014.07.23"]
[Round "4"]
[White "Karia, Rishul"]
[Black "Lewis, Jordan"]
[Result "0-1"]
[WhiteElo "1642"]
[BlackElo "1898"]
[PlyCount "47"]
[EventDate "2014.07.21"]
[EventType "swiss"]
[EventRounds "7"]
[EventCountry "WLS"]
[SourceTitle "CBM 161 Extra"]
[Source "ChessBase"]
[SourceDate "2014.08.29"]
[SourceVersion "1"]
[SourceVersionDate "2014.08.29"]
[SourceQuality "1"]

1. e4 e6 2. d4 c5 3. c3 cxd4 4. cxd4 d6 5. Nc3 g6 6. f4 Bg7 7. Nf3 Nc6 8. Bc4 Nge7 9. Bb3 a6 10. a4 0-0 11. 0-0 Qb6 12. Be3 Na5 13. Ra3 Nec6 14. Ne2 Nxb3 15. Rxb3 Qd8 16. Qd2 Rb8 17. Ng3 d5 18. Ne5 Na5 19. Rc3 f6 20. Nd3 Nc4 21. Qf2 Nxe3 22. Qxe3 dxe4 23. Nxe4 f5 24. Nec5 0-1

[Event "BCF-ch U16"]
[Site "Aberystwyth"]
[Date "2014.07.23"]
[Round "3"]
[White "Lewis, Jordan"]
[Black "Camp, Imogen AL"]
[Result "1-0"]
[WhiteElo "1898"]
[BlackElo "1460"]
[PlyCount "59"]
[EventDate "2014.07.21"]
[EventType "swiss"]
[EventRounds "7"]
[EventCountry "WLS"]
[SourceTitle "CBM 161 Extra"]
[Source "ChessBase"]
[SourceDate "2014.08.29"]
[SourceVersion "1"]
[SourceVersionDate "2014.08.29"]
[SourceQuality "1"]

1. e4 e5 2. f4 exf4 3. Nf3 g5 4. Bc4 Bg7 5. 0-0 d6 6. d4 h6 7. c3 Ne7 8. Qa4+ Nd7 9. b4 0-0 10. Qc2 Nb6 11. Bd3 Be6 12. a4 a5 13. b5 Bc4 14. Nbd2 Bxd3 15. Qxd3 Ng6 16. Nb3 Re8 17. Kh1 d5 18. e5 Qd7 19. Nc5 Qc8 20. e6 Nf8 21. exf7+ Kxf7 22. h4 Bf6 23. hxg5 hxg5 24. Nxg5+ Bxg5 25. Bxf4 Bxf4 26. Rxf4+ Kg7 27. Raf1 Re7 28. Qf3 Qe8 29. Rg4+ Kh8 30. Qf6+ 1-0

[Event "Brighton e2e4 Major"]
[Site "Brighton"]
[Date "2013.02.17"]
[Round "3"]
[White "Lewis, Jordan"]
[Black "Kruze, Tim"]
[Result "1/2-1/2"]
[WhiteElo "1822"]
[BlackElo "1637"]
[PlyCount "84"]
[EventDate "2013.02.16"]
[EventType "swiss"]
[EventRounds "9"]
[EventCountry "ENG"]
[SourceTitle "EXT 2014"]
[Source "ChessBase"]
[SourceDate "2013.11.20"]
[SourceVersion "1"]
[SourceVersionDate "2013.11.20"]
[SourceQuality "1"]

1. e4 c6 2. d3 d5 3. Nd2 e5 4. g3 Nf6 5. Bg2 Bg4 6. Ngf3 Nbd7 7. 0-0 Bc5 8. c3 0-0 9. Qc2 dxe4 10. dxe4 Qe7 11. Nc4 Bxf3 12. Bxf3 Nb6 13. Ne3 g6 14. a3 a5 15. Kg2 Kg7 16. g4 Rh8 17. Qe2 Rag8 18. g5 Nfd7 19. Ng4 f6 20. gxf6+ Nxf6 21. Bg5 Nbd7 22. Rad1 Qe6 23. Nxf6 Nxf6 24. Bxf6+ Qxf6 25. Rd7+ Be7 26. Rxb7 Rf8 27. Kg1 Rf7 28. Bg2 Rhf8 29. Kh1 Qh4 30. f3 g5 31. Rd7 g4 32. Rd3 Rf6 33. fxg4 Rxf1+ 34. Bxf1 Rf2 35. Rh3 Rxe2 36. Rxh4 Re1 37. Rh5 Rxf1+ 38. Kg2 Rb1 39. b4 axb4 40. axb4 Rc1 41. Rxe5 Bf6 42. Rc5 Bxc3 1/2-1/2